Elemente nach Schmelzpunkt - Statistiken

Allgemein
  • Dieses Quiz wurde 31 mal gespielt
  • Das Durchschnittsergebnis liegt bei 9 aus 86
Antwortstatistiken
Hint Antwort % Korrekt
-259 H
89%
-7 Br
56%
-272 He
56%
-39 Hg
56%
-210 N
56%
-189 Ar
44%
-220 F
44%
-218 O
44%
3422 W
44%
-157 Kr
33%
-249 Ne
33%
-112 Xe
33%
1064 Au
22%
-101 Cl
22%
28 Cs
22%
1538 Fe
22%
30 Ga
22%
-71 Rn
22%
115 S
22%
962 Ag
11%
660 Al
11%
2076 B
11%
3400 C
11%
1495 Co
11%
938 Ge
11%
63 K
11%
1455 ni
11%
44 P
11%
39 Rb
11%
2157 Tc
11%
114 114
0%
450 450
0%
817 As
0%
302 At
0%
727 Ba
0%
1287 Be
0%
271 Bi
0%
842 Ca
0%
321 Cd
0%
795 Ce
0%
1907 Cr
0%
1085 Cu
0%
1407 Dy
0%
1529 Er
0%
826 Eu
0%
1312 Gd
0%
2233 Hf
0%
1461 Ho
0%
157 In
0%
2466 Ir
0%
920 La
0%
180 Li
0%
1652 Lu
0%
650 Mg
0%
1246 Mn
0%
2623 Mo
0%
98 Na
0%
2477 Nb
0%
1024 Nd
0%
3130 Os
0%
327 Pb
0%
1555 Pd
0%
1080 Pm
0%
254 Po
0%
935 Pr
0%
1768 Pt
0%
3186 Re
0%
1964 Rh
0%
2334 Ru
0%
631 Sb
0%
1541 Sc
0%
221 Se
0%
1410 Si
0%
1072 Sm
0%
232 Sn
0%
777 Sr
0%
3017 Ta
0%
1356 Tb
0%
1668 Ti
0%
304 Tl
0%
1545 Tm
0%
1910 V
0%
1526 Y
0%
824 Yb
0%
420 Zk
0%
1857 Zr
0%
Keine übereinstimmenden Quizze gefunden
Verteilung der Resultate
Anzahl Personen mit jedem Resultat
Perzentil nach korrekt beantworteten Fragen
Ihre Resultats-Entwicklung
Sie haben dieses Quiz noch nicht gespielt